| 000 | 01124nam a2200289Ia 4500 | ||
|---|---|---|---|
| 003 | GCL | ||
| 008 | 140319s9999 xx 000 0 ara d | ||
| 020 | _a3305083977 | ||
| 040 |
_aGCL / _cGCL |
||
| 082 | 0 | 4 |
_aق _b726 _bا د |
| 100 | 1 | _aابوالحمد محمود فرغلى | |
| 245 | 1 | 0 |
_aالدليل الموجز لاهم الاثار الاسلامية والقبطية فى القاهرة / _cابوالحمد محمود فرغلى |
| 250 | _aالثالثة | ||
| 260 |
_aالقاهرة : _bالدار المصرية اللبنانية ، _c1996 |
||
| 300 |
_a302 ص ؛ _c24 سم |
||
| 650 | 0 | 4 | _aاضرحة الائمة والاولياء |
| 650 | 0 | 4 | _aجامع عمرو بن العاص |
| 650 | 0 | 4 | _aالفن القبطى |
| 650 | 0 | 4 | _aالقاهرة - المساجد |
| 650 | 0 | 4 | _aالقاهرة - الكنائس |
| 650 | 0 | 4 | _aمصر - الاثار الاسلامية |
| 650 | 0 | 4 | _aالقاهرة - القصور |
| 650 | 0 | 4 | _aالعمارة الاسلامية - القاهرة |
| 650 | 0 | 4 | _aمصر - تاريخ اسلامى |
| 650 | 0 | 4 | _aمصر - الاثار القبطية |
| 942 |
_2ddc _cBK |
||
| 999 |
_c35819 _d35819 |
||